Wszystkie Albumy White 2115 - Statystyki

Ogólne statystyki
  • Ten quiz został rozwiązany 111 razy
  • Średni wynik to 9 z 12
Statystyki odpowiedzi
Odpowiedź Wskazówka % Poprawnych
Rockstar 4x Platynowa płyta
100%
Młody Książe 2x Platynowa płyta
96%
Pretty Boy 4x Platynowa płyta
96%
Diamentowy Las Platynowa płyta
88%
Rockst4r Złota płyta
85%
Rockstar: Do zachodu słońca 2x Platynowa płyta
84%
Pretty Girl EP
73%
Rodzinny Biznes 4x Platynowa płyta
63%
Hotel Maffija Platynowa płyta
61%
Hotel Maffija 2 Diamentowa płyta
61%
Hotel Maffija 3 2x Platynowa płyta
60%
Bentley Music Mixtape EP
55%
Nie znaleziono quizów pasujących do podanych kryteriów
Rozkład punktacji
Procent ludzi z każdym wynikiem
Percentyl według liczby udzielonych odpowiedzi
Twoja historia wyników
Nie rozwiązałeś tego quizu